Pedagógusok köszöntése

Elmentve itt :
Bibliográfiai részletek
Dokumentumtípus: Cikk
Megjelent: 1967-06-04
Sorozat:Délmagyarország
Kulcsszavak:Széll Tamás, Ördögh Piroska, Héder Józsefné, Udvardi Ferenc, Kozma László, Szentirmai László, Miklós Józsefné, Szabon József, Pigniczki György, Kóbor Jenő, Bor Pál, Bialoskurski Bódog, Kovács Lászlóné, Temesvári Antal, Laflavik Béla, Czakó Mihály, Pedagógusok Szeged kitüntetés 1967
Online Access:http://dmarchiv.bibl.u-szeged.hu/55808
LEADER 00683nab a2200145 i 4500
001 delm55808
005 20180927141846.0
008 180927s1967 hu o 0|| hun d
040 |a SZTE Délmagyarország Archívum  |b hun 
041 |a hun 
245 0 0 |a Pedagógusok köszöntése  |h [elektronikus dokumentum] 
260 |c 1967-06-04 
300 |a 5 
490 0 |a Délmagyarország 
695 |a Széll Tamás, Ördögh Piroska, Héder Józsefné, Udvardi Ferenc, Kozma László, Szentirmai László, Miklós Józsefné, Szabon József, Pigniczki György, Kóbor Jenő, Bor Pál, Bialoskurski Bódog, Kovács Lászlóné, Temesvári Antal, Laflavik Béla, Czakó Mihály, Pedagógusok Szeged kitüntetés 1967